Les premiers jeux de la Wii - Statistiques

Statistiques générales
  • Ce quiz a été pris 20 fois
  • Le résultat moyen est 2 sur 24
Statistiques - réponses
Jeux Wii sortis
en décembre 2006
% Correct
Wii Sports
95%
Wii Play
26%
Rayman contre les Lapins Crétins
16%
The Legend of Zelda:Twilight Princess
16%
Red Steel
11%
Cars
5%
Open Season
5%
Barnyard
0%
Blazing Angels: Squadrons of WWII
0%
Bob l'Eponge: la Créaturedu crabe croustillant
0%
Call of Duty 3: En marchevers Paris
0%
Far Cry Vengeance
0%
Gottlieb Pinball Classics
0%
GT Pro Series
0%
Happy Feet
0%
Madden NFL 07
0%
Marvel Ultimate Alliance
0%
Metal Slug Anthology
0%
Monster 4x4: World Circuit
0%
Need For Speed: Carbon
0%
Rampage: Total Destruction
0%
Super Fruit Fall
0%
Super Monkey Ball Banana Blitz
0%
Tony Haw's Downhill Jam
0%
Aucun quiz correspondant
Distribution des résultats
% des personnes avec chaque résultat
Percentile par nombre de réponses
Votre historique - résultats
Vous n’avez pas pris ce quiz